Statistics for Most Valuable Sports Teams

Click here to take the quiz!

General Stats

  • This quiz has been taken 76,116 times
    (17,907 since last reset)
  • The average score is 27 of 50

Answer Stats

ValueCountryTeam% Correct
$6.07 BReal Madrid
86%
$5.90 BLos Angeles Lakers
83%
$6.00 BManchester United
82%
$5.51 BFC Barcelona
80%
$9.00 BDallas Cowboys
75%
$4.21 BParis Saint-Germain
74%
$7.10 BNew York Yankees
73%
$4.99 BManchester City
72%
$4.86 BBayern Munich
71%
$7.00 BNew England Patriots
67%
$5.29 BLiverpool
66%
$6.80 BNew York Giants
63%
$3.70 BSan Francisco Giants
62%
$6.10 BNew York Jets
61%
$5.70 BMiami Dolphins
60%
$7.00 BGolden State Warriors
57%
$6.90 BLos Angeles Rams
57%
$6.00 BSan Francisco 49ers
57%
$4.00 BBoston Celtics
56%
$4.10 BChicago Bulls
56%
$4.30 BKansas City Chiefs
56%
$4.50 BBoston Red Sox
55%
$4.60 BGreen Bay Packers
54%
$6.10 BNew York Knicks
54%
$5.80 BPhiladelphia Eagles
54%
$6.30 BChicago Bears
53%
$6.20 BLas Vegas Raiders
51%
$5.00 BSeattle Seahawks
51%
$5.10 BDenver Broncos
48%
$4.15 BLos Angeles Chargers
48%
$4.63 BPittsburgh Steelers
48%
$5.50 BHouston Texans
47%
$4.80 BLos Angeles Dodgers
46%
$4.65 BMinnesota Vikings
46%
$4.20 BTampa Bay Buccaneers
46%
$3.80 BArizona Cardinals
45%
$6.05 BWashington Commanders
45%
$4.63 BBaltimore Ravens
44%
$4.62 BCleveland Browns
44%
$4.70 BAtlanta Falcons
43%
$4.00 BJacksonville Jaguars
43%
$3.70 BBuffalo Bills
42%
$4.10 BCarolina Panthers
42%
$4.08 BNew Orleans Saints
41%
$4.35 BIndianapolis Colts
39%
$3.90 BLos Angeles Clippers
39%
$4.40 BTennessee Titans
38%
$4.20 BChicago Cubs
37%
$3.90 BFerrari
18%
$3.80 BMercedes
16%

Score Distribution

Percentile by Number Answered

Percent of People with Each Score

Your Score History

You have not taken this quiz since the last reset